[Event "Titled Tuesday intern op 16th Jan Early"]
[Site "Chess.com INT"]
[Date "2024.01.16"]
[Round "4"]
[White "Moosavifar, Seyed Abolfazl"]
[Black "Heinechen, Juan"]
[Result "1-0"]
[WhiteElo "2283"]
[BlackElo "2169"]
[PlyCount "63"]
[EventDate "2024.01.16"]
[EventType "swiss (blitz)"]
[EventRounds "11"]
[EventCountry "USA"]
[SourceTitle "CB04_2024"]
[SourceDate "2023.10.16"]
[SourceVersion "1"]
[SourceVersionDate "2023.10.16"]
[SourceQuality "1"]

1. e4 c5 2. Nf3 Nc6 3. d4 cxd4 4. Nxd4 g6 5. c4 Bg7 6. Be3 Nf6 7. Nc3 0-0 8. Be2 d6 9. 0-0 Bd7 10. f3 Nxd4 11. Bxd4 a5 12. Qd2 Bc6 13. b3 Nd7 14. Bxg7 Kxg7 15. Nd5 Bxd5 16. exd5 Qb6+ 17. Kh1 Qb4 18. Qb2+ Kg8 19. a3 Qb6 20. f4 Rfe8 21. Bd3 e5 22. dxe6 Rxe6 23. f5 Re3 24. fxg6 hxg6 25. Qf2 Ne5 26. Rae1 Rxe1 27. Qxb6 Nxd3 28. Rxe1 Nxe1 29. Qxb7 Re8 30. h3 Nc2 31. Qc6 Nxa3 32. Qxe8+ 1-0

[Event "Titled Tuesday intern op 16th Jan Early"]
[Site "Chess.com INT"]
[Date "2024.01.16"]
[Round "3"]
[White "Shohat, Yotam"]
[Black "Moosavifar, Seyed Abolfazl"]
[Result "1-0"]
[WhiteElo "2328"]
[BlackElo "2283"]
[PlyCount "57"]
[EventDate "2024.01.16"]
[EventType "swiss (blitz)"]
[EventRounds "11"]
[EventCountry "USA"]
[SourceTitle "CB04_2024"]
[SourceDate "2023.10.16"]
[SourceVersion "1"]
[SourceVersionDate "2023.10.16"]
[SourceQuality "1"]

1. c4 e5 2. Nc3 Bb4 3. Qc2 Nf6 4. Nf3 Bxc3 5. bxc3 Nc6 6. e4 d6 7. d3 0-0 8. g3 h6 9. Bg2 Nh7 10. 0-0 f5 11. exf5 Bxf5 12. Nh4 Be6 13. Rb1 Rb8 14. Be3 Ng5 15. Qe2 Qf6 16. f4 Nh3+ 17. Kh1 exf4 18. Bxf4 Nxf4 19. Rxf4 Qe5 20. Re4 Qxc3 21. Rxe6 Ne5 22. Ng6 Nxg6 23. Rxg6 Kh8 24. Rf1 Rxf1+ 25. Qxf1 Re8 26. Be4 Qe5 27. Qf7 Rg8 28. Rxh6+ gxh6 29. Qh7# 1-0

[Event "Ustron op-A"]
[Site "Ustron"]
[Date "2023.08.17"]
[Round "7"]
[White "Flak, Pawel"]
[Black "Moosavifar, Seyed Abolfazl"]
[Result "1-0"]
[WhiteElo "2158"]
[BlackElo "2187"]
[PlyCount "73"]
[EventDate "2023.08.11"]
[EventType "swiss"]
[EventRounds "9"]
[EventCountry "POL"]
[SourceTitle "CBM 215 Extra"]
[Source "ChessBase"]
[SourceDate "2023.09.30"]
[SourceVersion "1"]
[SourceVersionDate "2023.09.30"]
[SourceQuality "1"]

1. d4 Nf6 2. c4 e6 3. Nf3 b6 4. g3 Bb7 5. Bg2 Be7 6. 0-0 0-0 7. Nc3 d5 8. Ne5 Nbd7 9. Qa4 Nb8 10. Rd1 Qc8 11. cxd5 exd5 12. Bg5 Qe6 13. Nd3 c6 14. Re1 Qg4 15. Bf4 Qd7 16. Rac1 Bd6 17. Bg5 Qf5 18. Bxf6 Qxf6 19. e4 dxe4 20. Nxe4 Qd8 21. Nxd6 Qxd6 22. Qb4 Qh6 23. Qe7 Bc8 24. Ne5 Ba6 25. d5 Bb5 26. a4 Bxa4 27. Qb7 Na6 28. Qxa6 Bb5 29. Qa3 c5 30. Qe3 Qd6 31. Nc6 h5 32. Qe7 Qh6 33. Qe3 Qd6 34. Qg5 Rfe8 35. Ne7+ Kf8 36. Qxh5 f6 37. Re6 1-0

[Event "Ustron op-A"]
[Site "Ustron"]
[Date "2023.08.12"]
[Round "2"]
[White "Citak, Selim"]
[Black "Moosavifar, Seyed Abolfazl"]
[Result "1/2-1/2"]
[WhiteElo "2319"]
[BlackElo "2187"]
[PlyCount "74"]
[EventDate "2023.08.11"]
[EventType "swiss"]
[EventRounds "9"]
[EventCountry "POL"]
[SourceTitle "CBM 215 Extra"]
[Source "ChessBase"]
[SourceDate "2023.09.30"]
[SourceVersion "1"]
[SourceVersionDate "2023.09.30"]
[SourceQuality "1"]

1. d4 Nf6 2. c4 e6 3. Nc3 Bb4 4. Nf3 b6 5. e3 Bb7 6. Bd3 0-0 7. 0-0 d5 8. cxd5 exd5 9. a3 Be7 10. b4 Nbd7 11. Qb3 c6 12. a4 a5 13. bxa5 Rxa5 14. Ba3 Bxa3 15. Qxa3 Re8 16. Rfb1 Ne4 17. Qb2 Ba6 18. Bxa6 Rxa6 19. Nxe4 Rxe4 20. a5 b5 21. Nd2 Re6 22. Nb3 Qg5 23. Qe2 Qf5 24. Qf3 Qxf3 25. gxf3 f5 26. f4 Re8 27. Kf1 Rea8 28. Ke2 Nf6 29. Rc1 Ne4 30. Nc5 Rxa5 31. Rxa5 Rxa5 32. Nxe4 dxe4 33. Rxc6 b4 34. Rb6 Ra2+ 35. Kf1 Rb2 36. h4 g6 37. Rb7 b3 1/2-1/2

[Event "Cesme op-A 9th"]
[Site "Cesme"]
[Date "2023.06.22"]
[Round "5"]
[White "Bogdanov, Egor"]
[Black "Moosavifar, Seyed Abolfazl"]
[Result "0-1"]
[WhiteElo "2398"]
[BlackElo "2209"]
[PlyCount "90"]
[EventDate "2023.06.19"]
[EventType "swiss"]
[EventRounds "9"]
[EventCountry "TUR"]
[SourceTitle "CBM 214 Extra"]
[Source "ChessBase"]
[SourceDate "2023.07.31"]
[SourceVersion "1"]
[SourceVersionDate "2023.07.31"]
[SourceQuality "1"]

1. e4 e5 2. Bc4 Nf6 3. d3 c6 4. Nf3 Be7 5. 0-0 d6 6. Re1 0-0 7. Nbd2 Nbd7 8. Nf1 Re8 9. a4 a6 10. a5 d5 11. exd5 cxd5 12. Bb3 Bd6 13. Ne3 Bb4 14. c3 Bxa5 15. Nxd5 Nxd5 16. Bxd5 Nf6 17. Bb3 Bc7 18. Ng5 Rf8 19. Qf3 Bg4 20. Qxb7 Rb8 21. Bxf7+ Rxf7 22. Nxf7 Kxf7 23. Qxa6 Bc8 24. Qc4+ Be6 25. Qh4 Qxd3 26. Ra7 Rc8 27. Bg5 Nd7 28. Qh5+ Kg8 29. Be3 Nf6 30. Qe2 Qg6 31. Ra6 Bd5 32. f3 Bb8 33. Ra4 h6 34. c4 Bc6 35. Ra6 e4 36. f4 Ng4 37. g3 Qf7 38. c5 Bb7 39. Ra4 Bc6 40. Rd4 Qe8 41. b4 Ba7 42. Rd6 Bb8 43. Rd4 Ba7 44. Red1 Qe7 45. h4 Qe8 0-1

[Event "Istanbul op"]
[Site "Istanbul"]
[Date "2022.08.13"]
[Round "8"]
[White "Moosavifar, Seyed Abolfazl"]
[Black "Ozsakallioglu, Okan"]
[Result "0-1"]
[WhiteElo "2083"]
[BlackElo "2330"]
[PlyCount "98"]
[EventDate "2022.08.08"]
[EventType "swiss"]
[EventRounds "9"]
[EventCountry "TUR"]
[SourceTitle "CBM 209 Extra"]
[Source "ChessBase"]
[SourceDate "2022.09.30"]
[SourceVersion "1"]
[SourceVersionDate "2022.09.30"]
[SourceQuality "1"]

1. e4 d6 2. d4 Nf6 3. Nc3 e5 4. dxe5 dxe5 5. Qxd8+ Kxd8 6. f3 Be6 7. Be3 Nbd7 8. Kf2 c6 9. a4 a5 10. Nb1 Bc5 11. Nd2 Bxe3+ 12. Kxe3 Nb6 13. Ne2 Kc7 14. Nc1 Nfd7 15. Nd3 Rhd8 16. b3 f6 17. Be2 Nc8 18. Rhc1 b6 19. Bf1 Nd6 20. h3 Bf7 21. Nb2 Nc5 22. c3 Rd7 23. b4 Ne6 24. Nd3 Kb7 25. Rc2 Nc7 26. Rb2 axb4 27. cxb4 Ndb5 28. Nb3 Bxb3 29. Rxb3 Ne6 30. Rb2 Rd4 31. Rba2 Nd6 32. a5 Nc4+ 33. Kf2 b5 34. Rc2 Rad8 35. Rc3 Nb2 36. Nxb2 Rd2+ 37. Ke1 Rxb2 38. Rac1 Rd6 39. a6+ Kb6 40. Ra1 Rd8 41. a7 Ra8 42. Rca3 Nd4 43. Bd3 Rxb4 44. Kf2 Rb2+ 45. Kg3 Nb3 46. Ra6+ Kb7 47. R1a3 Nc5 48. R6a5 Na4 49. Bf1 Kb6 0-1

[Event "Qazvin Cup 10th"]
[Site "Qazvin"]
[Date "2022.07.26"]
[Round "2"]
[White "Mahdavi, Reza"]
[Black "Moosavifar, Seyed Abolfazl"]
[Result "1/2-1/2"]
[WhiteElo "2302"]
[BlackElo "1929"]
[PlyCount "78"]
[EventDate "2022.07.25"]
[EventType "swiss"]
[EventRounds "9"]
[EventCountry "IRI"]
[SourceTitle "EXT 2023"]
[Source "ChessBase"]
[SourceDate "2022.10.05"]
[SourceVersion "1"]
[SourceVersionDate "2022.10.05"]
[SourceQuality "1"]

1. Nf3 Nf6 2. g3 g6 3. Bg2 Bg7 4. 0-0 0-0 5. d3 d5 6. Nbd2 c5 7. e4 dxe4 8. dxe4 Nc6 9. c3 Qc7 10. Qe2 h6 11. Nc4 Be6 12. Bf4 Qc8 13. Rfe1 Nd7 14. a4 Rd8 15. a5 b5 16. axb6 axb6 17. h4 b5 18. Ne3 Ba2 19. Nd5 Bc4 20. Qc2 Rxa1 21. Rxa1 e6 22. Ne3 e5 23. Nxc4 exf4 24. Ncd2 fxg3 25. fxg3 Nde5 26. Rd1 Qg4 27. Kh2 Qh5 28. Nxe5 Nxe5 29. Nf3 Ng4+ 30. Kg1 Rxd1+ 31. Qxd1 Ne3 32. Qd8+ Kh7 33. Qd7 Qg4 34. Qxg4 Nxg4 35. Bf1 b4 36. cxb4 cxb4 37. b3 Bf8 38. Nd2 Bc5+ 39. Kg2 Ne5 1/2-1/2

[Event "IRI-ch Online"]
[Site "Chess.com INT"]
[Date "2021.03.17"]
[Round "5"]
[White "Moosavifar, Seyed Abolfazl"]
[Black "Shahmoradi, Arash"]
[Result "1-0"]
[WhiteElo "1757"]
[BlackElo "1969"]
[PlyCount "99"]
[EventDate "2021.03.15"]
[EventType "swiss (rapid)"]
[EventRounds "11"]
[EventCountry "IRI"]
[SourceTitle "CBM 201 Extra"]
[Source "ChessBase"]
[SourceDate "2021.05.31"]
[SourceVersion "1"]
[SourceVersionDate "2021.05.31"]
[SourceQuality "1"]

1. e4 Nf6 2. e5 Nd5 3. d4 d6 4. c4 Nb6 5. Nf3 g6 6. Nc3 Bg7 7. exd6 cxd6 8. Be3 0-0 9. Be2 Nc6 10. 0-0 Bg4 11. b3 e5 12. d5 Bxf3 13. Bxf3 Nd4 14. Bxd4 exd4 15. Nb5 Qf6 16. Qd3 a6 17. Na3 Nd7 18. Qd2 Ne5 19. Be2 Rfe8 20. Nc2 Re7 21. Rad1 Rae8 22. Nxd4 Nd7 23. Bf3 Ne5 24. Qb4 h5 25. c5 dxc5 26. Qxc5 h4 27. h3 Nd7 28. Qb4 Ne5 29. Rfe1 Qf4 30. a3 Nxf3+ 31. Nxf3 Qxb4 32. axb4 Bc3 33. Rxe7 Rxe7 34. Nxh4 Bxb4 35. Nf3 b5 36. Nd4 Rd7 37. Nc6 Bc5 38. Kf1 Bb6 39. Ke2 a5 40. Kf3 a4 41. bxa4 bxa4 42. g4 Kg7 43. Ne5 Ra7 44. d6 a3 45. d7 Ra8 46. Nc4 Bc5 47. d8Q a2 48. Qd2 Be7 49. Ra1 Rd8 50. Qxa2 1-0

[Event "IRI-ch Online"]
[Site "Chess.com INT"]
[Date "2021.03.17"]
[Round "8"]
[White "Nazari, Arad"]
[Black "Moosavifar, Seyed Abolfazl"]
[Result "1/2-1/2"]
[WhiteElo "2298"]
[BlackElo "1757"]
[PlyCount "120"]
[EventDate "2021.03.15"]
[EventType "swiss (rapid)"]
[EventRounds "11"]
[EventCountry "IRI"]
[SourceTitle "CBM 201 Extra"]
[Source "ChessBase"]
[SourceDate "2021.05.31"]
[SourceVersion "1"]
[SourceVersionDate "2021.05.31"]
[SourceQuality "1"]

1. e4 e5 2. Nf3 Nc6 3. Bb5 a6 4. Bxc6 dxc6 5. d4 exd4 6. Qxd4 Qxd4 7. Nxd4 c5 8. Ne2 Bd6 9. Nbc3 Ne7 10. Bf4 Bxf4 11. Nxf4 Bd7 12. Nfd5 Nxd5 13. Nxd5 0-0-0 14. 0-0-0 Rhe8 15. Rhe1 Bc6 16. Nc3 b5 17. f3 b4 18. Rxd8+ Kxd8 19. Nd1 f5 20. e5 Ke7 21. Nf2 c4 22. Nd1 f4 23. a3 a5 24. Nf2 Ke6 25. Nh3 Kf5 26. e6 g5 27. e7 Kf6 28. Nf2 Rxe7 29. Ng4+ Kf7 30. Ne5+ Kf6 31. Ng4+ Kf7 32. Re5 h5 33. Nh6+ Ke8 34. Rxg5 c3 35. bxc3 bxc3 36. Kd1 Rd7+ 37. Ke1 Rd2 38. Rc5 Bd7 39. Rxc3 Rd6 40. Ng8 Rg6 41. Rxc7 Rxg8 42. Kf2 Rg5 43. Rc4 Rd5 44. Ke1 Re5+ 45. Kd2 Bb5 46. Rxf4 Re2+ 47. Kc3 Rxg2 48. Rf5 Bc6 49. Rxh5 Bxf3 50. Rxa5 Rxh2 51. Re5+ Kd7 52. Re3 Bd5 53. Kd3 Kd6 54. c4 Be6 55. Kd4 Rh4+ 56. Re4 Rxe4+ 57. Kxe4 Bxc4 58. a4 Kc6 59. a5 Kb5 60. a6 Kxa6 1/2-1/2

[Event "IRI-ch Online"]
[Site "Chess.com INT"]
[Date "2021.03.16"]
[Round "4"]
[White "Shool, Iliya"]
[Black "Moosavifar, Seyed Abolfazl"]
[Result "1/2-1/2"]
[WhiteElo "1432"]
[BlackElo "1757"]
[PlyCount "126"]
[EventDate "2021.03.15"]
[EventType "swiss (rapid)"]
[EventRounds "11"]
[EventCountry "IRI"]
[SourceTitle "CBM 201 Extra"]
[Source "ChessBase"]
[SourceDate "2021.05.31"]
[SourceVersion "1"]
[SourceVersionDate "2021.05.31"]
[SourceQuality "1"]

1. d4 Nf6 2. Nf3 g6 3. g3 Bg7 4. Bg2 0-0 5. 0-0 d5 6. c4 dxc4 7. Na3 c3 8. bxc3 c5 9. Nc4 Nc6 10. Rb1 Na5 11. Nfe5 Nxc4 12. Nxc4 Be6 13. Qd3 cxd4 14. cxd4 Rc8 15. Ne5 b6 16. Ba3 Bd5 17. e4 Bb7 18. Rfc1 Nd7 19. Rxc8 Qxc8 20. Bxe7 Re8 21. Bd6 Nxe5 22. dxe5 Bxe5 23. Bxe5 Rxe5 24. f4 Rc5 25. Rd1 Ra5 26. Qd8+ Qxd8 27. Rxd8+ Kg7 28. Rd2 Ba6 29. Bf1 Bxf1 30. Kxf1 Kf6 31. e5+ Ke6 32. Ke2 Ra3 33. Kd1 Ke7 34. Kc1 f6 35. Kb2 Re3 36. exf6+ Kxf6 37. Rd7 Re7 38. Rxe7 Kxe7 39. Kc3 Kd6 40. Kd4 b5 41. g4 a5 42. h4 a4 43. f5 gxf5 44. gxf5 h5 45. a3 Kc6 46. Kc3 Kc5 47. f6 Kd6 48. f7 Ke7 49. f8B+ Kxf8 50. Kb4 Ke7 51. Kxb5 Kd6 52. Kxa4 Kc5 53. Kb3 Kb5 54. Kc3 Ka4 55. Kd4 Kxa3 56. Ke5 Kb4 57. Kf5 Kc5 58. Kg5 Kd6 59. Kxh5 Ke7 60. Kh6 Kf6 61. Kh7 Kf7 62. h5 Kf8 63. Kh8 Kf7 1/2-1/2

[Event "IRI-ch Online"]
[Site "Chess.com INT"]
[Date "2021.03.15"]
[Round "1"]
[White "Moosavifar, Seyed Abolfazl"]
[Black "Poormosavi, Seyed Kian"]
[Result "0-1"]
[WhiteElo "1757"]
[BlackElo "2255"]
[PlyCount "78"]
[EventDate "2021.03.15"]
[EventType "swiss (rapid)"]
[EventRounds "11"]
[EventCountry "IRI"]
[SourceTitle "CBM 201 Extra"]
[Source "ChessBase"]
[SourceDate "2021.05.31"]
[SourceVersion "1"]
[SourceVersionDate "2021.05.31"]
[SourceQuality "1"]

1. e4 c5 2. Nf3 d6 3. d4 cxd4 4. Nxd4 Nf6 5. Nc3 Nc6 6. Bc4 e6 7. Be3 Be7 8. Qe2 Bd7 9. 0-0-0 0-0 10. Bb3 Qb8 11. Rhg1 Nxd4 12. Bxd4 b5 13. e5 dxe5 14. Bxe5 Qb7 15. g4 Bc6 16. Qe3 b4 17. Ne2 a5 18. g5 Ne4 19. Nd4 a4 20. Bc4 Nc5 21. Bxg7 Kxg7 22. Qe5+ Kg8 23. g6 fxg6 24. Nxe6 Nxe6 25. Bxe6+ Rf7 26. Bxf7+ Kxf7 27. f4 Be4 28. Rge1 Bf5 29. Rd2 Rc8 30. Rde2 Rc7 31. Qd4 Qc6 32. Rxe7+ Rxe7 33. Rxe7+ Kxe7 34. Qg7+ Kd6 35. Qe5+ Kd7 36. Qg7+ Kc8 37. Qh8+ Kb7 38. Qxh7+ Ka6 39. Qg7 Qxc2# 0-1

[Event "IRI-ch U12"]
[Site "Chess.com INT"]
[Date "2021.01.16"]
[Round "8"]
[White "Moosavifar, Seyed Abolfazl"]
[Black "Alaghehmand, Arshia"]
[Result "0-1"]
[WhiteElo "1757"]
[BlackElo "1396"]
[PlyCount "84"]
[EventDate "2021.01.16"]
[EventType "swiss"]
[EventRounds "11"]
[EventCountry "IRI"]
[SourceTitle "EXT 2022"]
[Source "ChessBase"]
[SourceDate "2021.10.06"]
[SourceVersion "1"]
[SourceVersionDate "2021.10.06"]
[SourceQuality "1"]

1. e4 c6 2. d4 d5 3. e5 c5 4. dxc5 Nc6 5. f4 Bf5 6. Nf3 e6 7. Be3 Bg4 8. c3 a5 9. Bb5 Nge7 10. 0-0 Nf5 11. Bd4 Be7 12. h3 Bxf3 13. Rxf3 0-0 14. a4 Rc8 15. Bxc6 bxc6 16. Na3 Rb8 17. Rb1 Qc7 18. b4 Qa7 19. Rd3 Ra8 20. b5 Bxc5 21. b6 Bxd4+ 22. cxd4 Qa6 23. Rc3 Qb7 24. g4 Ne7 25. Qc2 f6 26. Qe2 Ng6 27. Rf3 fxe5 28. fxe5 Rxf3 29. Qxf3 Rf8 30. Qe3 Nh4 31. Kh1 h6 32. Qg3 Nf3 33. Rf1 Ng5 34. Rxf8+ Kxf8 35. Qb3 Ne4 36. Nb1 Kg8 37. Qb2 Kh7 38. Na3 c5 39. Nc2 Qa6 40. b7 Qf1+ 41. Kh2 Qf2+ 42. Kh1 Ng3# 0-1

[Event "Wch FIDE Online U10 Asia qual"]
[Site "Tornelo INT"]
[Date "2020.12.13"]
[Round "7"]
[White "Reyes, Oshrie Jhames"]
[Black "Moosavifar, Seyed Abolfazl"]
[Result "1/2-1/2"]
[WhiteElo "1136"]
[BlackElo "1757"]
[PlyCount "152"]
[EventDate "2020.12.11"]
[EventType "swiss (rapid)"]
[EventRounds "7"]
[EventCountry "ISS"]
[SourceTitle "EXT 2022"]
[Source "ChessBase"]
[SourceDate "2021.10.06"]
[SourceVersion "1"]
[SourceVersionDate "2021.10.06"]
[SourceQuality "1"]

1. e4 e5 2. Nf3 Nc6 3. Nc3 Nf6 4. d4 exd4 5. Nxd4 Bb4 6. Nxc6 bxc6 7. Bd3 0-0 8. 0-0 d5 9. Bg5 Bxc3 10. bxc3 dxe4 11. Bxf6 Qxf6 12. Bxe4 Bf5 13. Bxf5 Qxf5 14. Qd3 Qxd3 15. cxd3 Rfd8 16. d4 g6 17. Rab1 Rab8 18. f3 Rb6 19. Rxb6 axb6 20. Re1 Kf8 21. Kf2 Ra8 22. Re2 Ra3 23. Rc2 Ke7 24. Ke2 Ke6 25. Kd3 b5 26. Rb2 Kd5 27. f4 h5 28. g3 f6 29. h3 f5 30. h4 Kd6 31. Re2 b4 32. Kc4 Rxc3+ 33. Kxb4 Rxg3 34. a4 Rd3 35. Kc4 Ra3 36. Kb4 Ra1 37. Rg2 Kd5 38. Rxg6 Rd1 39. Rg5 Rxd4+ 40. Kb3 Rxf4 41. Rxh5 c5 42. Rh8 Rf3+ 43. Kb2 Kc4 44. a5 Kb5 45. Ra8 Rh3 46. a6 Rg3 47. Rf8 Kxa6 48. Rxf5 Kb5 49. h5 Rh3 50. Kc2 Kb4 51. Rf7 c6 52. Rc7 Kb5 53. Rb7+ Kc4 54. Rc7 Kd5 55. Rd7+ Ke6 56. Rc7 Kd6 57. Rh7 c4 58. h6 Kc5 59. Rh8 c3 60. h7 Kc4 61. Rc8 Rh2+ 62. Kc1 Rxh7 63. Rxc6+ Kb3 64. Rb6+ Kc4 65. Rc6+ Kb4 66. Kc2 Rh2+ 67. Kc1 Rd2 68. Rc8 Kb3 69. Rb8+ Kc4 70. Rc8+ Kd3 71. Rd8+ Ke2 72. Re8+ Kd3 73. Rd8+ Kc4 74. Rc8+ Kb3 75. Rb8+ Ka4 76. Rc8 Kb4 1/2-1/2

[Event "Wch FIDE Online U10 Asia qual"]
[Site "Tornelo INT"]
[Date "2020.12.12"]
[Round "3"]
[White "Mamedov, Edgar"]
[Black "Moosavifar, Seyed Abolfazl"]
[Result "1-0"]
[WhiteElo "1973"]
[BlackElo "1757"]
[PlyCount "59"]
[EventDate "2020.12.11"]
[EventType "swiss (rapid)"]
[EventRounds "7"]
[EventCountry "ISS"]
[SourceTitle "EXT 2022"]
[Source "ChessBase"]
[SourceDate "2021.10.06"]
[SourceVersion "1"]
[SourceVersionDate "2021.10.06"]
[SourceQuality "1"]

1. d4 Nf6 2. Nf3 g6 3. Nbd2 d5 4. e3 Bg7 5. b4 0-0 6. c4 Bf5 7. a4 b6 8. Bb2 c5 9. dxc5 bxc5 10. bxc5 Qa5 11. Be2 Ne4 12. Bxg7 Kxg7 13. cxd5 Nc3 14. Qc1 Nxe2 15. Kxe2 Na6 16. e4 Bg4 17. Qb2+ Kg8 18. Qb5 Qxb5+ 19. axb5 Nxc5 20. Rhc1 Rfc8 21. Ke3 Bd7 22. Nd4 Nb7 23. Rxc8+ Bxc8 24. Nc6 Bd7 25. Nxe7+ Kf8 26. Nc6 Nd6 27. Ra5 Ke8 28. e5 Nf5+ 29. Kf4 Ne7 30. Ke4 1-0